Statistics for Country Capitals By Letter- P

Click here to take the quiz!

General Stats

  • This quiz has been taken 1,889 times
  • The average score is 12 of 17

Answer Stats

Capital% Correct
Panama City
85%
Port-Au-Prince
80%
Paris
79%
Pyongyang
75%
Port Moresby
74%
Port of Spain
74%
Paramaribo
73%
Pristina
73%
Prague
72%
Port Louis
69%
Pretoria
69%
Podgorica
68%
Phnom Penh
65%
Praia
64%
Porto-Novo
63%
Port Vila
62%
Palikir
57%

Score Distribution

Percentile by Number Answered

Percent of People with Each Score

Your Score History

You have not taken this quiz